[Event "San Fernando U2000"]
[Site "San Fernando"]
[Date "2017.01.27"]
[Round "2.5"]
[White "Gallardo, Luis Basilio"]
[Black "Pollio, Carlos Eduardo"]
[Result "1/2-1/2"]
[WhiteElo "1862"]
[BlackElo "1959"]
[PlyCount "21"]
[EventDate "2017.01.27"]
[EventType "swiss"]
[EventRounds "7"]
[EventCountry "CHI"]
[SourceTitle "EXT 2024"]
[Source "ChessBase"]
[SourceDate "2023.10.10"]
[SourceVersion "1"]
[SourceVersionDate "2023.10.10"]
[SourceQuality "1"]

1. d4 f5 2. c4 e6 3. Nc3 Nf6 4. Qc2 Bb4 5. Bd2 b6 6. Nf3 Bb7 7. e3 0-0 8. a3 Be7 9. Bd3 Qe8 10. 0-0-0 d5 11. cxd5 1/2-1/2

[Event "ARG-ch Amateur U2000"]
[Site "Torre Blanca"]
[Date "2016.12.09"]
[Round "5.8"]
[White "Gallardo, Luis Basilio"]
[Black "Dubrovich, Igor"]
[Result "0-1"]
[WhiteElo "1856"]
[BlackElo "1893"]
[PlyCount "86"]
[EventDate "2016.12.08"]
[EventType "swiss"]
[EventRounds "9"]
[EventCountry "ARG"]
[SourceTitle "EXT 2024"]
[Source "ChessBase"]
[SourceDate "2023.10.10"]
[SourceVersion "1"]
[SourceVersionDate "2023.10.10"]
[SourceQuality "1"]

1. d4 Nf6 2. c4 g6 3. Nc3 d5 4. Bg5 Ne4 5. cxd5 Nxc3 6. bxc3 Qxd5 7. Nf3 Bg4 8. Bh4 c5 9. e3 Bg7 10. Be2 Nc6 11. 0-0 0-0 12. h3 Bf5 13. Nd2 cxd4 14. Bf3 Qa5 15. cxd4 e5 16. Nb3 Qb6 17. e4 Bc8 18. d5 Nd4 19. Be7 Re8 20. Bc5 Qf6 21. Nxd4 exd4 22. Qd3 b6 23. Ba3 a5 24. Rfd1 Ba6 25. Qd2 d3 26. Rab1 Rac8 27. Bb2 Rc2 28. Bxf6 Rxd2 29. Bxg7 Rxd1+ 30. Rxd1 Kxg7 31. g4 Kf6 32. Rb1 b5 33. Kf1 Rc8 34. Bd1 Ke5 35. f3 b4 36. Ke1 f5 37. Kd2 fxe4 38. fxe4 Kxe4 39. Bb3 Rf8 40. Re1+ Kd4 41. d6 Rf2+ 42. Kd1 Kc3 43. d7 Rb2 0-1

[Event "Mendoza op"]
[Site "Mendoza"]
[Date "2014.11.21"]
[Round "2"]
[White "Gallardo, Luis Basilio"]
[Black "Abarca Gonzalez, Nicolas"]
[Result "0-1"]
[WhiteElo "1813"]
[BlackElo "2336"]
[PlyCount "44"]
[EventDate "2014.11.21"]
[EventType "swiss"]
[EventRounds "7"]
[EventCountry "ARG"]
[SourceTitle "CBM 163 Extra"]
[Source "ChessBase"]
[SourceDate "2014.12.23"]
[SourceVersion "1"]
[SourceVersionDate "2014.12.23"]
[SourceQuality "1"]

1. d4 Nf6 2. c4 e5 3. dxe5 Ng4 4. Nf3 Bc5 5. e3 Nc6 6. a3 a5 7. b3 0-0 8. Bb2 Re8 9. Be2 Ngxe5 10. Nbd2 Qe7 11. 0-0 Ng4 12. e4 Ra6 13. h3 f5 14. Bd3 Nce5 15. Bc2 Rd6 16. Qe2 Nxf3+ 17. Nxf3 fxe4 18. hxg4 exf3 19. Qxf3 Rf8 20. Qh3 Rh6 21. Qc3 Bd6 22. f4 Bc5+ 0-1